000 00326nam a2200145 a 4500
008 980109s1971||||xx 0 und c
040 _aSNK
_bslo
_cSNK
_eAACR2
100 1 _aMichaƂowski, K.
245 1 0 _aKarnak
260 _aBratislava
_bTatran
_c1971
300 _a90 s.
020 _c10
041 _aslo
044 _axo
_cSK
999 _c14919
_d14919